All England Players Since 2000 - Statistics

General Stats
  • This quiz has been taken 459 times
  • The average score is 591 of 904
Answer Stats
% Correct
2023 Tottenham Hotspur Harry Kane
98%
2022 Tottenham Hotspur Harry Kane
98%
2021 Tottenham Hotspur Harry Kane
98%
2020 Tottenham Hotspur Harry Kane
98%
2019 Tottenham Hotspur Harry Kane
98%
2018 Tottenham Hotspur Harry Kane
98%
2017 Tottenham Hotspur Harry Kane
98%
2016 Tottenham Hotspur Harry Kane
98%
2015 Tottenham Hotspur Harry Kane
98%
2023 Everton Jordan Pickford
92%
2022 Everton Jordan Pickford
92%
2021 Everton Jordan Pickford
92%
2020 Everton Jordan Pickford
92%
2019 Everton Jordan Pickford
92%
2018 Everton Jordan Pickford
92%
2017 Everton Jordan Pickford
92%
2016 Sunderland Jordan Pickford
92%
2023 Manchester City Phil Foden
92%
2022 Manchester City Phil Foden
92%
2021 Manchester City Phil Foden
92%
2020 Manchester City Phil Foden
92%
2022 Nottingham Forest Dean Henderson
91%
2021 Manchester United Dean Henderson
91%
2020 Manchester United Dean Henderson
91%
2019 Sheffield United Dean Henderson
91%
2023 Liverpool Jordan Henderson
91%
2022 Liverpool Jordan Henderson
91%
2021 Liverpool Jordan Henderson
91%
2020 Liverpool Jordan Henderson
91%
2019 Liverpool Jordan Henderson
91%
2018 Liverpool Jordan Henderson
91%
2017 Liverpool Jordan Henderson
91%
2016 Liverpool Jordan Henderson
91%
2015 Liverpool Jordan Henderson
91%
2014 Liverpool Jordan Henderson
91%
2013 Liverpool Jordan Henderson
91%
2012 Liverpool Jordan Henderson
91%
2010 Sunderland Jordan Henderson
91%
2023 Manchester City Kyle Walker
91%
2022 Manchester City Kyle Walker
91%
2021 Manchester City Kyle Walker
91%
2020 Manchester City Kyle Walker
91%
2019 Manchester City Kyle Walker
91%
2018 Manchester City Kyle Walker
91%
2017 Tottenham Hotspur Kyle Walker
91%
2016 Tottenham Hotspur Kyle Walker
91%
2015 Tottenham Hotspur Kyle Walker
91%
2013 Tottenham Hotspur Kyle Walker
91%
2012 Tottenham Hotspur Kyle Walker
91%
2011 Tottenham Hotspur Kyle Walker
91%
2004 Leicester City Ian Walker
90%
2023 Arsenal Bukayo Saka
89%
2022 Arsenal Bukayo Saka
89%
2021 Arsenal Bukayo Saka
89%
2020 Arsenal Bukayo Saka
89%
2018 Leicester City Jamie Vardy
89%
2017 Leicester City Jamie Vardy
89%
2016 Leicester City Jamie Vardy
89%
2015 Leicester City Jamie Vardy
89%
2023 Borussia Dortmund Jude Bellingham
89%
2022 Borussia Dortmund Jude Bellingham
89%
2021 Borussia Dortmund Jude Bellingham
89%
2020 Borussia Dortmund Jude Bellingham
89%
2023 Manchester United Marcus Rashford
89%
2022 Manchester United Marcus Rashford
89%
2021 Manchester United Marcus Rashford
89%
2020 Manchester United Marcus Rashford
89%
2019 Manchester United Marcus Rashford
89%
2018 Manchester United Marcus Rashford
89%
2017 Manchester United Marcus Rashford
89%
2016 Manchester United Marcus Rashford
89%
2009 Milan David Beckham
88%
2008 LA Galaxy David Beckham
88%
2007 Real Madrid David Beckham
88%
2006 Real Madrid David Beckham
88%
2005 Real Madrid David Beckham
88%
2004 Real Madrid David Beckham
88%
2003 Real Madrid David Beckham
88%
2002 Manchester United David Beckham
88%
2001 Manchester United David Beckham
88%
2000 Manchester United David Beckham
88%
2023 West Ham United Declan Rice
88%
2022 West Ham United Declan Rice
88%
2021 West Ham United Declan Rice
88%
2020 West Ham United Declan Rice
88%
2019 West Ham United Declan Rice
88%
2023 Manchester City Jack Grealish
88%
2022 Manchester City Jack Grealish
88%
2021 Aston Villa Jack Grealish
88%
2020 Aston Villa Jack Grealish
88%
2023 Manchester City John Stones
88%
2022 Manchester City John Stones
88%
2021 Manchester City John Stones
88%
2019 Manchester City John Stones
88%
2018 Manchester City John Stones
88%
2017 Manchester City John Stones
88%
2016 Manchester City John Stones
88%
2015 Everton John Stones
88%
2014 Everton John Stones
88%
2014 Liverpool Steven Gerrard
88%
2013 Liverpool Steven Gerrard
88%
2012 Liverpool Steven Gerrard
88%
2010 Liverpool Steven Gerrard
88%
2009 Liverpool Steven Gerrard
88%
2008 Liverpool Steven Gerrard
88%
2007 Liverpool Steven Gerrard
88%
2006 Liverpool Steven Gerrard
88%
2005 Liverpool Steven Gerrard
88%
2004 Liverpool Steven Gerrard
88%
2003 Liverpool Steven Gerrard
88%
2002 Liverpool Steven Gerrard
88%
2001 Liverpool Steven Gerrard
88%
2000 Liverpool Steven Gerrard
88%
2018 DC United Wayne Rooney
88%
2016 Manchester United Wayne Rooney
88%
2015 Manchester United Wayne Rooney
88%
2014 Manchester United Wayne Rooney
88%
2013 Manchester United Wayne Rooney
88%
2012 Manchester United Wayne Rooney
88%
2011 Manchester United Wayne Rooney
88%
2010 Manchester United Wayne Rooney
88%
2009 Manchester United Wayne Rooney
88%
2008 Manchester United Wayne Rooney
88%
2007 Manchester United Wayne Rooney
88%
2006 Manchester United Wayne Rooney
88%
2005 Manchester United Wayne Rooney
88%
2004 Everton Wayne Rooney
88%
2003 Everton Wayne Rooney
88%
2014 Chelsea Frank Lampard
86%
2013 Chelsea Frank Lampard
86%
2012 Chelsea Frank Lampard
86%
2011 Chelsea Frank Lampard
86%
2010 Chelsea Frank Lampard
86%
2009 Chelsea Frank Lampard
86%
2008 Chelsea Frank Lampard
86%
2007 Chelsea Frank Lampard
86%
2006 Chelsea Frank Lampard
86%
2005 Chelsea Frank Lampard
86%
2004 Chelsea Frank Lampard
86%
2003 Chelsea Frank Lampard
86%
2002 Chelsea Frank Lampard
86%
2001 West Ham United Frank Lampard
86%
2000 West Ham United Frank Lampard
86%
2001 Manchester United Andrew Cole
85%
2000 Manchester United Andrew Cole
85%
2014 Chelsea Ashley Cole
85%
2013 Chelsea Ashley Cole
85%
2012 Chelsea Ashley Cole
85%
2011 Chelsea Ashley Cole
85%
2010 Chelsea Ashley Cole
85%
2009 Chelsea Ashley Cole
85%
2008 Chelsea Ashley Cole
85%
2007 Chelsea Ashley Cole
85%
2006 Arsenal Ashley Cole
85%
2005 Arsenal Ashley Cole
85%
2004 Arsenal Ashley Cole
85%
2003 Arsenal Ashley Cole
85%
2002 Arsenal Ashley Cole
85%
2001 Arsenal Ashley Cole
85%
2010 West Ham United Carlton Cole
85%
2009 West Ham United Carlton Cole
85%
2023 Manchester United Harry Maguire
85%
2022 Manchester United Harry Maguire
85%
2021 Manchester United Harry Maguire
85%
2020 Manchester United Harry Maguire
85%
2019 Leicester City Harry Maguire
85%
2018 Leicester City Harry Maguire
85%
2017 Leicester City Harry Maguire
85%
2010 Chelsea Joe Cole
85%
2008 Chelsea Joe Cole
85%
2007 Chelsea Joe Cole
85%
2006 Chelsea Joe Cole
85%
2005 Chelsea Joe Cole
85%
2004 Chelsea Joe Cole
85%
2003 Chelsea Joe Cole
85%
2002 West Ham United Joe Cole
85%
2001 West Ham United Joe Cole
85%
2000 West Ham United Joe Cole
85%
2023 Newcastle United Kieran Trippier
85%
2022 Newcastle United Kieran Trippier
85%
2021 Atletico Madrid Kieran Trippier
85%
2020 Atletico Madrid Kieran Trippier
85%
2019 Tottenham Hotspur Kieran Trippier
85%
2018 Tottenham Hotspur Kieran Trippier
85%
2017 Tottenham Hotspur Kieran Trippier
85%
2023 Liverpool Trent Alexander-Arnold
85%
2022 Liverpool Trent Alexander-Arnold
85%
2021 Liverpool Trent Alexander-Arnold
85%
2020 Liverpool Trent Alexander-Arnold
85%
2019 Liverpool Trent Alexander-Arnold
85%
2018 Liverpool Trent Alexander-Arnold
85%
2010 Portsmouth David James
83%
2009 Portsmouth David James
83%
2008 Portsmouth David James
83%
2007 Portsmouth David James
83%
2006 Manchester City David James
83%
2005 Manchester City David James
83%
2004 Manchester City David James
83%
2003 West Ham United David James
83%
2002 West Ham United David James
83%
2001 Aston Villa David James
83%
2000 Aston Villa David James
83%
2021 Borussia Dortmund Jadon Sancho
83%
2020 Borussia Dortmund Jadon Sancho
83%
2019 Borussia Dortmund Jadon Sancho
83%
2018 Borussia Dortmund Jadon Sancho
83%
2018 West Ham United Joe Hart
83%
2017 Torino Joe Hart
83%
2016 Torino Joe Hart
83%
2015 Manchester City Joe Hart
83%
2014 Manchester City Joe Hart
83%
2013 Manchester City Joe Hart
83%
2012 Manchester City Joe Hart
83%
2011 Manchester City Joe Hart
83%
2010 Manchester City Joe Hart
83%
2008 Manchester City Joe Hart
83%
2023 Manchester United Luke Shaw
83%
2022 Manchester United Luke Shaw
83%
2021 Manchester United Luke Shaw
83%
2018 Manchester United Luke Shaw
83%
2017 Manchester United Luke Shaw
83%
2015 Manchester United Luke Shaw
83%
2014 Southampton Luke Shaw
83%
2004 Manchester United Paul Scholes
83%
2003 Manchester United Paul Scholes
83%
2002 Manchester United Paul Scholes
83%
2001 Manchester United Paul Scholes
83%
2000 Manchester United Paul Scholes
83%
2018 Manchester United Phil Jones
83%
2017 Manchester United Phil Jones
83%
2015 Manchester United Phil Jones
83%
2014 Manchester United Phil Jones
83%
2013 Manchester United Phil Jones
83%
2012 Manchester United Phil Jones
83%
2011 Manchester United Phil Jones
83%
2022 Manchester City Raheem Sterling
83%
2021 Manchester City Raheem Sterling
83%
2020 Manchester City Raheem Sterling
83%
2019 Manchester City Raheem Sterling
83%
2018 Manchester City Raheem Sterling
83%
2017 Manchester City Raheem Sterling
83%
2016 Manchester City Raheem Sterling
83%
2015 Liverpool Raheem Sterling
83%
2014 Liverpool Raheem Sterling
83%
2012 Liverpool Raheem Sterling
83%
2023 Chelsea Reece James
83%
2022 Chelsea Reece James
83%
2021 Chelsea Reece James
83%
2020 Chelsea Reece James
83%
2012 Chelsea John Terry
82%
2011 Chelsea John Terry
82%
2010 Chelsea John Terry
82%
2009 Chelsea John Terry
82%
2008 Chelsea John Terry
82%
2007 Chelsea John Terry
82%
2006 Chelsea John Terry
82%
2005 Chelsea John Terry
82%
2004 Chelsea John Terry
82%
2003 Chelsea John Terry
82%
2011 Manchester United Rio Ferdinand
82%
2010 Manchester United Rio Ferdinand
82%
2009 Manchester United Rio Ferdinand
82%
2008 Manchester United Rio Ferdinand
82%
2007 Manchester United Rio Ferdinand
82%
2006 Manchester United Rio Ferdinand
82%
2005 Manchester United Rio Ferdinand
82%
2004 Manchester United Rio Ferdinand
82%
2003 Manchester United Rio Ferdinand
82%
2002 Leeds United Rio Ferdinand
82%
2001 Leeds United Rio Ferdinand
82%
2000 West Ham United Rio Ferdinand
82%
2022 Arsenal Ben White
81%
2021 Brighton & Hove Albion Ben White
81%
2023 Manchester City Kalvin Phillips
80%
2022 Leeds United Kalvin Phillips
80%
2021 Leeds United Kalvin Phillips
80%
2020 Leeds United Kalvin Phillips
80%
2010 Manchester City Shaun Wright-Phillips
80%
2009 Manchester City Shaun Wright-Phillips
80%
2008 Chelsea Shaun Wright-Phillips
80%
2007 Chelsea Shaun Wright-Phillips
80%
2006 Chelsea Shaun Wright-Phillips
80%
2005 Chelsea Shaun Wright-Phillips
80%
2004 Manchester City Shaun Wright-Phillips
80%
2002 Sunderland Kevin Phillips
79%
2001 Sunderland Kevin Phillips
79%
2000 Sunderland Kevin Phillips
79%
2023 Arsenal Aaron Ramsdale
78%
2022 Arsenal Aaron Ramsdale
78%
2021 Sheffield United Aaron Ramsdale
78%
2023 Tottenham Hotspur Eric Dier
78%
2022 Tottenham Hotspur Eric Dier
78%
2021 Tottenham Hotspur Eric Dier
78%
2020 Tottenham Hotspur Eric Dier
78%
2019 Tottenham Hotspur Eric Dier
78%
2018 Tottenham Hotspur Eric Dier
78%
2017 Tottenham Hotspur Eric Dier
78%
2016 Tottenham Hotspur Eric Dier
78%
2015 Tottenham Hotspur Eric Dier
78%
2007 Manchester United Alan Smith
77%
2005 Manchester United Alan Smith
77%
2004 Leeds United Alan Smith
77%
2002 Leeds United Alan Smith
77%
2001 Leeds United Alan Smith
77%
2007 Manchester United Gary Neville
77%
2006 Manchester United Gary Neville
77%
2005 Manchester United Gary Neville
77%
2004 Manchester United Gary Neville
77%
2003 Manchester United Gary Neville
77%
2002 Manchester United Gary Neville
77%
2001 Manchester United Gary Neville
77%
2000 Manchester United Gary Neville
77%
2008 Newcastle United Michael Owen
77%
2007 Newcastle United Michael Owen
77%
2006 Newcastle United Michael Owen
77%
2005 Real Madrid Michael Owen
77%
2004 Liverpool Michael Owen
77%
2003 Liverpool Michael Owen
77%
2002 Liverpool Michael Owen
77%
2001 Liverpool Michael Owen
77%
2000 Liverpool Michael Owen
77%
2022 Burnley Nick Pope
77%
2021 Burnley Nick Pope
77%
2020 Burnley Nick Pope
77%
2019 Burnley Nick Pope
77%
2018 Burnley Nick Pope
77%
2007 Everton Phil Neville
77%
2006 Everton Phil Neville
77%
2005 Manchester United Phil Neville
77%
2004 Manchester United Phil Neville
77%
2003 Manchester United Phil Neville
77%
2002 Manchester United Phil Neville
77%
2001 Manchester United Phil Neville
77%
2000 Manchester United Phil Neville
77%
2022 Aston Villa Ollie Watkins
76%
2021 Aston Villa Ollie Watkins
76%
2016 Liverpool James Milner
75%
2015 Manchester City James Milner
75%
2014 Manchester City James Milner
75%
2013 Manchester City James Milner
75%
2012 Manchester City James Milner
75%
2011 Manchester City James Milner
75%
2010 Aston Villa James Milner
75%
2009 Aston Villa James Milner
75%
2022 Chelsea Mason Mount
75%
2021 Chelsea Mason Mount
75%
2020 Chelsea Mason Mount
75%
2019 Chelsea Mason Mount
75%
2018 Derby County Mason Mount
75%
2000 Newcastle United Alan Shearer
74%
2019 Tottenham Hotspur Dele Alli
74%
2018 Tottenham Hotspur Dele Alli
74%
2017 Tottenham Hotspur Dele Alli
74%
2016 Tottenham Hotspur Dele Alli
74%
2015 Tottenham Hotspur Dele Alli
74%
2023 Leicester City James Maddison
74%
2022 Leicester City James Maddison
74%
2019 Leicester City James Maddison
74%
2018 Leicester City James Maddison
74%
2012 Manchester City Adam Johnson
73%
2011 Manchester City Adam Johnson
73%
2010 Manchester City Adam Johnson
73%
2007 Everton Andy Johnson
73%
2006 Everton Andy Johnson
73%
2005 Crystal Palace Andy Johnson
73%
2023 Chelsea Ben Chilwell
73%
2022 Chelsea Ben Chilwell
73%
2021 Chelsea Ben Chilwell
73%
2020 Chelsea Ben Chilwell
73%
2019 Leicester City Ben Chilwell
73%
2018 Leicester City Ben Chilwell
73%
2014 Liverpool Glen Johnson
73%
2013 Liverpool Glen Johnson
73%
2012 Liverpool Glen Johnson
73%
2011 Liverpool Glen Johnson
73%
2010 Liverpool Glen Johnson
73%
2009 Portsmouth Glen Johnson
73%
2008 Portsmouth Glen Johnson
73%
2005 Chelsea Glen Johnson
73%
2004 Chelsea Glen Johnson
73%
2003 Chelsea Glen Johnson
73%
2017 Sunderland Jermain Defoe
73%
2013 Tottenham Hotspur Jermain Defoe
73%
2012 Tottenham Hotspur Jermain Defoe
73%
2011 Tottenham Hotspur Jermain Defoe
73%
2010 Tottenham Hotspur Jermain Defoe
73%
2009 Tottenham Hotspur Jermain Defoe
73%
2008 Portsmouth Jermain Defoe
73%
2007 Tottenham Hotspur Jermain Defoe
73%
2006 Tottenham Hotspur Jermain Defoe
73%
2005 Tottenham Hotspur Jermain Defoe
73%
2004 Tottenham Hotspur Jermain Defoe
73%
2010 Tottenham Hotspur Peter Crouch
73%
2009 Portsmouth Peter Crouch
73%
2008 Liverpool Peter Crouch
73%
2007 Liverpool Peter Crouch
73%
2006 Liverpool Peter Crouch
73%
2005 Liverpool Peter Crouch
73%
2000 Derby County Seth Johnson
73%
2023 Newcastle United Callum Wilson
72%
2022 Newcastle United Callum Wilson
72%
2019 Bournemouth Callum Wilson
72%
2018 Bournemouth Callum Wilson
72%
2017 Manchester United Chris Smalling
72%
2016 Manchester United Chris Smalling
72%
2015 Manchester United Chris Smalling
72%
2014 Manchester United Chris Smalling
72%
2013 Manchester United Chris Smalling
72%
2012 Manchester United Chris Smalling
72%
2011 Manchester United Chris Smalling
72%
2023 Brentford Ivan Toney
72%
2022 Brentford Ivan Toney
72%
2018 Manchester United Ashley Young
71%
2017 Manchester United Ashley Young
71%
2013 Manchester United Ashley Young
71%
2012 Manchester United Ashley Young
71%
2011 Aston Villa Ashley Young
71%
2010 Aston Villa Ashley Young
71%
2009 Aston Villa Ashley Young
71%
2008 Aston Villa Ashley Young
71%
2007 Aston Villa Ashley Young
71%
2018 Chelsea Gary Cahill
71%
2017 Chelsea Gary Cahill
71%
2016 Chelsea Gary Cahill
71%
2015 Chelsea Gary Cahill
71%
2014 Chelsea Gary Cahill
71%
2013 Chelsea Gary Cahill
71%
2012 Chelsea Gary Cahill
71%
2011 Bolton Wanderers Gary Cahill
71%
2010 Bolton Wanderers Gary Cahill
71%
2005 Charlton Athletic Luke Young
71%
2016 Arsenal Theo Walcott
71%
2015 Arsenal Theo Walcott
71%
2013 Arsenal Theo Walcott
71%
2012 Arsenal Theo Walcott
71%
2011 Arsenal Theo Walcott
71%
2010 Arsenal Theo Walcott
71%
2009 Arsenal Theo Walcott
71%
2008 Arsenal Theo Walcott
71%
2006 Arsenal Theo Walcott
71%
2015 Queens Park Rangers Robert Green
70%
2012 West Ham United Robert Green
70%
2010 West Ham United Robert Green
70%
2009 West Ham United Robert Green
70%
2005 Norwich City Robert Green
70%
2017 Liverpool Daniel Sturridge
69%
2016 Liverpool Daniel Sturridge
69%
2014 Liverpool Daniel Sturridge
69%
2013 Liverpool Daniel Sturridge
69%
2012 Chelsea Daniel Sturridge
69%
2011 Chelsea Daniel Sturridge
69%
2023 Crystal Palace Eberechi Eze
69%
2012 Sunderland Fraizer Campbell
69%
2023 Crystal Palace Marc Guehi
69%
2022 Crystal Palace Marc Guehi
69%
2007 Portsmouth Sol Campbell
69%
2006 Arsenal Sol Campbell
69%
2005 Arsenal Sol Campbell
69%
2004 Arsenal Sol Campbell
69%
2003 Arsenal Sol Campbell
69%
2002 Arsenal Sol Campbell
69%
2001 Tottenham Hotspur Sol Campbell
69%
2000 Tottenham Hotspur Sol Campbell
69%
2022 Roma Tammy Abraham
69%
2021 Roma Tammy Abraham
69%
2020 Chelsea Tammy Abraham
69%
2019 Chelsea Tammy Abraham
69%
2017 Swansea City Tammy Abraham
69%
2018 Arsenal Danny Welbeck
68%
2017 Arsenal Danny Welbeck
68%
2016 Arsenal Danny Welbeck
68%
2015 Arsenal Danny Welbeck
68%
2014 Manchester United Danny Welbeck
68%
2013 Manchester United Danny Welbeck
68%
2012 Manchester United Danny Welbeck
68%
2011 Manchester United Danny Welbeck
68%
2002 Arsenal David Seaman
68%
2001 Arsenal David Seaman
68%
2000 Arsenal David Seaman
68%
2022 Milan Fikayo Tomori
68%
2021 Milan Fikayo Tomori
68%
2019 Chelsea Fikayo Tomori
68%
2023 Tottenham Hotspur Fraser Forster
68%
2022 Southampton Fraser Forster
68%
2017 Southampton Fraser Forster
68%
2016 Southampton Fraser Forster
68%
2014 Celtic Fraser Forster
68%
2013 Celtic Fraser Forster
68%
2010 Liverpool Jamie Carragher
68%
2007 Liverpool Jamie Carragher
68%
2006 Liverpool Jamie Carragher
68%
2005 Liverpool Jamie Carragher
68%
2004 Liverpool Jamie Carragher
68%
2003 Liverpool Jamie Carragher
68%
2002 Liverpool Jamie Carragher
68%
2001 Liverpool Jamie Carragher
68%
2000 Liverpool Jamie Carragher
68%
2023 Aston Villa Tyrone Mings
67%
2022 Aston Villa Tyrone Mings
67%
2021 Aston Villa Tyrone Mings
67%
2020 Aston Villa Tyrone Mings
67%
2019 Aston Villa Tyrone Mings
67%
2020 Liverpool Joe Gomez
66%
2019 Liverpool Joe Gomez
66%
2018 Liverpool Joe Gomez
66%
2017 Liverpool Joe Gomez
66%
2015 Manchester United Michael Carrick
66%
2013 Manchester United Michael Carrick
66%
2012 Manchester United Michael Carrick
66%
2010 Manchester United Michael Carrick
66%
2009 Manchester United Michael Carrick
66%
2008 Manchester United Michael Carrick
66%
2007 Manchester United Michael Carrick
66%
2006 Tottenham Hotspur Michael Carrick
66%
2005 Tottenham Hotspur Michael Carrick
66%
2001 West Ham United Michael Carrick
66%
2020 Everton Michael Keane
66%
2019 Everton Michael Keane
66%
2018 Everton Michael Keane
66%
2017 Burnley Michael Keane
66%
2016 Burnley Michael Keane
66%
2019 Liverpool Alex Oxlade-Chamberlain
65%
2018 Liverpool Alex Oxlade-Chamberlain
65%
2017 Arsenal Alex Oxlade-Chamberlain
65%
2016 Arsenal Alex Oxlade-Chamberlain
65%
2015 Arsenal Alex Oxlade-Chamberlain
65%
2014 Arsenal Alex Oxlade-Chamberlain
65%
2013 Arsenal Alex Oxlade-Chamberlain
65%
2012 Arsenal Alex Oxlade-Chamberlain
65%
2021 Everton Dominic Calvert-Lewin
65%
2020 Everton Dominic Calvert-Lewin
65%
2001 Arsenal Richard Wright
65%
2000 Ipswich Town Richard Wright
65%
2021 Manchester United Jesse Lingard
64%
2019 Manchester United Jesse Lingard
64%
2018 Manchester United Jesse Lingard
64%
2017 Manchester United Jesse Lingard
64%
2016 Manchester United Jesse Lingard
64%
2015 Manchester United Jesse Lingard
64%
2015 Everton Leighton Baines
64%
2014 Everton Leighton Baines
64%
2013 Everton Leighton Baines
64%
2012 Everton Leighton Baines
64%
2011 Everton Leighton Baines
64%
2010 Everton Leighton Baines
64%
2008 Manchester United Owen Hargreaves
64%
2007 Bayern Munich Owen Hargreaves
64%
2006 Bayern Munich Owen Hargreaves
64%
2005 Bayern Munich Owen Hargreaves
64%
2004 Bayern Munich Owen Hargreaves
64%
2003 Bayern Munich Owen Hargreaves
64%
2002 Bayern Munich Owen Hargreaves
64%
2001 Bayern Munich Owen Hargreaves
64%
2018 Liverpool Adam Lallana
62%
2017 Liverpool Adam Lallana
62%
2016 Liverpool Adam Lallana
62%
2015 Liverpool Adam Lallana
62%
2014 Southampton Adam Lallana
62%
2013 Southampton Adam Lallana
62%
2019 Tottenham Hotspur Danny Rose
62%
2018 Tottenham Hotspur Danny Rose
62%
2017 Tottenham Hotspur Danny Rose
62%
2016 Tottenham Hotspur Danny Rose
62%
2012 Manchester City Gareth Barry
62%
2011 Manchester City Gareth Barry
62%
2010 Manchester City Gareth Barry
62%
2009 Aston Villa Gareth Barry
62%
2008 Aston Villa Gareth Barry
62%
2007 Aston Villa Gareth Barry
62%
2003 Aston Villa Gareth Barry
62%
2000 Aston Villa Gareth Barry
62%
2016 Bournemouth Jack Wilshere
62%
2015 Arsenal Jack Wilshere
62%
2014 Arsenal Jack Wilshere
62%
2013 Arsenal Jack Wilshere
62%
2012 Arsenal Jack Wilshere
62%
2011 Arsenal Jack Wilshere
62%
2010 Arsenal Jack Wilshere
62%
2022 West Ham United Jarrod Bowen
62%
2014 West Bromwich Albion Ben Foster
61%
2013 West Bromwich Albion Ben Foster
61%
2010 Birmingham City Ben Foster
61%
2009 Manchester United Ben Foster
61%
2007 Watford Ben Foster
61%
2000 Arsenal Tony Adams
61%
2023 Chelsea Conor Gallagher
60%
2022 Crystal Palace Conor Gallagher
60%
2021 Crystal Palace Conor Gallagher
60%
2019 Stoke City Jack Butland
60%
2018 Stoke City Jack Butland
60%
2017 Stoke City Jack Butland
60%
2016 Stoke City Jack Butland
60%
2015 Stoke City Jack Butland
60%
2012 Birmingham City Jack Butland
60%
2022 Southampton James Ward-Prowse
60%
2021 Southampton James Ward-Prowse
60%
2020 Southampton James Ward-Prowse
60%
2019 Southampton James Ward-Prowse
60%
2017 Southampton James Ward-Prowse
60%
2012 Manchester City Micah Richards
60%
2010 Manchester City Micah Richards
60%
2007 Manchester City Micah Richards
60%
2006 Manchester City Micah Richards
60%
2010 Manchester United Wes Brown
60%
2009 Manchester United Wes Brown
60%
2008 Manchester United Wes Brown
60%
2007 Manchester United Wes Brown
60%
2006 Manchester United Wes Brown
60%
2005 Manchester United Wes Brown
60%
2003 Manchester United Wes Brown
60%
2002 Manchester United Wes Brown
60%
2001 Manchester United Wes Brown
60%
2000 Manchester United Wes Brown
60%
2010 Aston Villa Emile Heskey
58%
2009 Aston Villa Emile Heskey
58%
2008 Wigan Athletic Emile Heskey
58%
2007 Wigan Athletic Emile Heskey
58%
2004 Liverpool Emile Heskey
58%
2003 Liverpool Emile Heskey
58%
2002 Liverpool Emile Heskey
58%
2001 Liverpool Emile Heskey
58%
2000 Liverpool Emile Heskey
58%
2020 Leicester City Harvey Barnes
58%
2022 Wolverhampton Wanderers Conor Coady
57%
2021 Wolverhampton Wanderers Conor Coady
57%
2020 Wolverhampton Wanderers Conor Coady
57%
2016 Leicester City Danny Drinkwater
57%
2002 Leeds United Robbie Fowler
57%
2001 Liverpool Robbie Fowler
57%
2000 Liverpool Robbie Fowler
57%
2002 Tottenham Hotspur Teddy Sheringham
57%
2001 Manchester United Teddy Sheringham
57%
2000 Manchester United Teddy Sheringham
57%
2001 Real Madrid Steve McManaman
55%
2000 Real Madrid Steve McManaman
55%
2012 Liverpool Andy Carroll
54%
2011 Liverpool Andy Carroll
54%
2010 Newcastle United Andy Carroll
54%
2020 Tottenham Hotspur Harry Winks
54%
2019 Tottenham Hotspur Harry Winks
54%
2018 Tottenham Hotspur Harry Winks
54%
2017 Tottenham Hotspur Harry Winks
54%
2010 Tottenham Hotspur Ledley King
54%
2007 Tottenham Hotspur Ledley King
54%
2006 Tottenham Hotspur Ledley King
54%
2005 Tottenham Hotspur Ledley King
54%
2004 Tottenham Hotspur Ledley King
54%
2003 Tottenham Hotspur Ledley King
54%
2002 Tottenham Hotspur Ledley King
54%
2007 Tottenham Hotspur Paul Robinson
54%
2006 Tottenham Hotspur Paul Robinson
54%
2005 Tottenham Hotspur Paul Robinson
54%
2004 Tottenham Hotspur Paul Robinson
54%
2003 Leeds United Paul Robinson
54%
2000 Leeds United Paul Robinson
54%
2023 Crystal Palace Sam Johnstone
54%
2021 West Bromwich Albion Sam Johnstone
54%
2022 Arsenal Emile Smith Rowe
52%
2021 Arsenal Emile Smith Rowe
52%
2004 Manchester United Nicky Butt
52%
2003 Manchester United Nicky Butt
52%
2002 Manchester United Nicky Butt
52%
2001 Manchester United Nicky Butt
52%
2000 Manchester United Nicky Butt
52%
2016 Everton Phil Jagielka
52%
2015 Everton Phil Jagielka
52%
2014 Everton Phil Jagielka
52%
2013 Everton Phil Jagielka
52%
2012 Everton Phil Jagielka
52%
2011 Everton Phil Jagielka
52%
2010 Everton Phil Jagielka
52%
2009 Everton Phil Jagielka
52%
2008 Everton Phil Jagielka
52%
2019 Chelsea Ross Barkley
52%
2018 Chelsea Ross Barkley
52%
2017 Everton Ross Barkley
52%
2016 Everton Ross Barkley
52%
2015 Everton Ross Barkley
52%
2014 Everton Ross Barkley
52%
2013 Everton Ross Barkley
52%
2020 Southampton Danny Ings
51%
2015 Liverpool Danny Ings
51%
2018 Crystal Palace Ruben Loftus-Cheek
51%
2017 Crystal Palace Ruben Loftus-Cheek
51%
2018 Brighton & Hove Albion Lewis Dunk
50%
2020 Manchester United Mason Greenwood
50%
2011 Aston Villa Darren Bent
49%
2010 Sunderland Darren Bent
49%
2009 Sunderland Darren Bent
49%
2008 Tottenham Hotspur Darren Bent
49%
2007 Tottenham Hotspur Darren Bent
49%
2006 Charlton Athletic Darren Bent
49%
2019 Manchester City Fabian Delph
49%
2018 Manchester City Fabian Delph
49%
2016 Manchester City Fabian Delph
49%
2015 Aston Villa Fabian Delph
49%
2014 Aston Villa Fabian Delph
49%
2010 Bolton Wanderers Kevin Davies
49%
2016 Arsenal Kieran Gibbs
49%
2015 Arsenal Kieran Gibbs
49%
2014 Arsenal Kieran Gibbs
49%
2013 Arsenal Kieran Gibbs
49%
2010 Arsenal Kieran Gibbs
49%
2013 Manchester United Wilfried Zaha
49%
2012 Crystal Palace Wilfried Zaha
49%
2013 Tottenham Hotspur Aaron Lennon
48%
2012 Tottenham Hotspur Aaron Lennon
48%
2010 Tottenham Hotspur Aaron Lennon
48%
2009 Tottenham Hotspur Aaron Lennon
48%
2007 Tottenham Hotspur Aaron Lennon
48%
2006 Tottenham Hotspur Aaron Lennon
48%
2019 Burnley James Tarkowski
48%
2018 Burnley James Tarkowski
48%
2013 Manchester City Joleon Lescott
48%
2012 Manchester City Joleon Lescott
48%
2011 Manchester City Joleon Lescott
48%
2010 Manchester City Joleon Lescott
48%
2009 Everton Joleon Lescott
48%
2008 Everton Joleon Lescott
48%
2007 Everton Joleon Lescott
48%
2014 West Ham United Stewart Downing
48%
2012 Liverpool Stewart Downing
48%
2011 Aston Villa Stewart Downing
48%
2009 Middlesbrough Stewart Downing
48%
2008 Middlesbrough Stewart Downing
48%
2007 Middlesbrough Stewart Downing
48%
2006 Middlesbrough Stewart Downing
48%
2005 Middlesbrough Stewart Downing
48%
2004 Middlesbrough Gareth Southgate
47%
2003 Middlesbrough Gareth Southgate
47%
2002 Middlesbrough Gareth Southgate
47%
2001 Aston Villa Gareth Southgate
47%
2000 Aston Villa Gareth Southgate
47%
2017 Liverpool Nathaniel Clyne
47%
2016 Liverpool Nathaniel Clyne
47%
2015 Southampton Nathaniel Clyne
47%
2014 Southampton Nathaniel Clyne
47%
2014 Southampton Rickie Lambert
47%
2013 Southampton Rickie Lambert
47%
2013 Tottenham Hotspur Scott Parker
47%
2012 Tottenham Hotspur Scott Parker
47%
2011 West Ham United Scott Parker
47%
2006 Newcastle United Scott Parker
47%
2004 Chelsea Scott Parker
47%
2003 Charlton Athletic Scott Parker
47%
2021 Leeds United Patrick Bamford
46%
2019 Chelsea Callum Hudson-Odoi
45%
2009 Manchester City Wayne Bridge
45%
2008 Chelsea Wayne Bridge
45%
2007 Chelsea Wayne Bridge
45%
2006 Fulham Wayne Bridge
45%
2005 Chelsea Wayne Bridge
45%
2004 Chelsea Wayne Bridge
45%
2003 Chelsea Wayne Bridge
45%
2002 Southampton Wayne Bridge
45%
2019 Burnley Tom Heaton
44%
2018 Burnley Tom Heaton
44%
2017 Burnley Tom Heaton
44%
2016 Burnley Tom Heaton
44%
2015 Burnley Tom Heaton
44%
2011 Bursaspor Scott Carson
43%
2008 West Bromwich Albion Scott Carson
43%
2007 Aston Villa Scott Carson
43%
2015 Aston Villa Tom Cleverley
43%
2013 Manchester United Tom Cleverley
43%
2012 Manchester United Tom Cleverley
43%
2014 Arsenal Calum Chambers
41%
2007 Newcastle United Kieron Dyer
41%
2005 Newcastle United Kieron Dyer
41%
2004 Newcastle United Kieron Dyer
41%
2003 Newcastle United Kieron Dyer
41%
2002 Newcastle United Kieron Dyer
41%
2000 Newcastle United Kieron Dyer
41%
2022 Southampton Kyle Walker-Peters
41%
2002 Arsenal Martin Keown
41%
2001 Arsenal Martin Keown
41%
2000 Arsenal Martin Keown
41%
2000 Middlesbrough Paul Ince
41%
2017 Liverpool Dominic Solanke
40%
2009 Aston Villa Gabriel Agbonlahor
39%
2008 Aston Villa Gabriel Agbonlahor
39%
2008 Tottenham Hotspur Jonathan Woodgate
39%
2007 Middlesbrough Jonathan Woodgate
39%
2004 Newcastle United Jonathan Woodgate
39%
2002 Leeds United Jonathan Woodgate
39%
2011 Tottenham Hotspur Michael Dawson
39%
2010 Tottenham Hotspur Michael Dawson
39%
2022 Crystal Palace Tyrick Mitchell
38%
2016 Crystal Palace Andros Townsend
37%
2015 Tottenham Hotspur Andros Townsend
37%
2014 Tottenham Hotspur Andros Townsend
37%
2013 Tottenham Hotspur Andros Townsend
37%
2010 West Ham United Matthew Upson
37%
2009 West Ham United Matthew Upson
37%
2008 West Ham United Matthew Upson
37%
2004 Birmingham City Matthew Upson
37%
2003 Birmingham City Matthew Upson
37%
2017 Southampton Ryan Bertrand
37%
2016 Southampton Ryan Bertrand
37%
2015 Southampton Ryan Bertrand
37%
2012 Chelsea Ryan Bertrand
37%
2003 Liverpool Danny Murphy
36%
2002 Liverpool Danny Murphy
36%
2001 Liverpool Danny Murphy
36%
2004 Middlesbrough Danny Mills
35%
2003 Leeds United Danny Mills
35%
2002 Leeds United Danny Mills
35%
2001 Leeds United Danny Mills
35%
2004 Aston Villa Darius Vassell
34%
2003 Aston Villa Darius Vassell
34%
2002 Aston Villa Darius Vassell
34%
2009 Tottenham Hotspur Jermaine Jenas
34%
2008 Tottenham Hotspur Jermaine Jenas
34%
2007 Tottenham Hotspur Jermaine Jenas
34%
2006 Tottenham Hotspur Jermaine Jenas
34%
2005 Tottenham Hotspur Jermaine Jenas
34%
2004 Newcastle United Jermaine Jenas
34%
2003 Newcastle United Jermaine Jenas
34%
2007 Manchester City Joey Barton
34%
2000 Arsenal Ray Parlour
34%
2001 Tottenham Hotspur Darren Anderton
32%
2000 Tottenham Hotspur Darren Anderton
32%
2000 Chelsea Graeme Le Saux
32%
2018 Watford Nathaniel Chalobah
32%
2017 Watford Nathaniel Chalobah
32%
2012 Stoke City Ryan Shawcross
32%
2012 Tottenham Hotspur Tom Huddlestone
32%
2010 Tottenham Hotspur Tom Huddlestone
32%
2009 Tottenham Hotspur Tom Huddlestone
32%
2015 Swansea City Jonjo Shelvey
31%
2012 Liverpool Jonjo Shelvey
31%
2006 Manchester United Kieran Richardson
31%
2005 Manchester United Kieran Richardson
31%
2002 Leeds United Lee Bowyer
31%
2002 Leeds United Nigel Martyn
31%
2001 Leeds United Nigel Martyn
31%
2000 Leeds United Nigel Martyn
31%
2022 Leicester City James Justin
30%
2003 West Ham United Trevor Sinclair
30%
2002 West Ham United Trevor Sinclair
30%
2001 West Ham United Trevor Sinclair
30%
2000 Chelsea Dennis Wise
29%
2013 Southampton Jay Rodriguez
29%
2018 Bournemouth Lewis Cook
29%
2017 Bournemouth Lewis Cook
29%
2017 West Ham United Aaron Cresswell
28%
2016 West Ham United Aaron Cresswell
28%
2020 Arsenal Ainsley Maitland-Niles
28%
2008 Blackburn Rovers David Bentley
28%
2007 Blackburn Rovers David Bentley
28%
2007 Preston North End David Nugent
27%
2018 Leicester City Demarai Gray
27%
2001 Liverpool Nick Barmby
27%
2000 Everton Nick Barmby
27%
2015 Tottenham Hotspur Ryan Mason
27%
2018 Southampton Alex McCarthy
26%
2016 Southampton Alex McCarthy
26%
2012 Arsenal Carl Jenkinson
26%
2002 Blackburn Rovers David Dunn
26%
2018 West Bromwich Albion Jake Livermore
26%
2017 West Bromwich Albion Jake Livermore
26%
2012 Tottenham Hotspur Jake Livermore
26%
2016 West Ham United Michail Antonio
26%
2006 Wigan Athletic Chris Kirkland
25%
2012 Liverpool Martin Kelly
25%
2011 Fulham Bobby Zamora
24%
2010 Fulham Bobby Zamora
24%
2003 Southampton James Beattie
24%
2013 Everton Leon Osman
24%
2012 Everton Leon Osman
24%
2017 Southampton Nathan Redmond
23%
2005 West Ham United Paul Konchesky
23%
2003 Charlton Athletic Paul Konchesky
23%
2010 Aston Villa Stephen Warnock
23%
2008 Blackburn Rovers Stephen Warnock
23%
2021 Everton Ben Godfrey
22%
2003 Arsenal Francis Jeffers
22%
2017 Burnley Jack Cork
22%
2012 Norwich City John Ruddy
22%
2013 Manchester City Jack Rodwell
21%
2011 Everton Jack Rodwell
21%
2004 Celtic Alan Thompson
20%
2002 Charlton Athletic Chris Powell
20%
2001 Charlton Athletic Chris Powell
20%
2014 Liverpool Jon Flanagan
20%
2001 Everton Michael Ball
19%
2000 Everton Michael Ball
19%
2012 Tottenham Hotspur Steven Caulker
19%
2008 West Ham United Dean Ashton
18%
2002 Bolton Wanderers Michael Ricketts
18%
2017 Middlesbrough Ben Gibson
17%
2015 Queens Park Rangers Charlie Austin
16%
2010 Cardiff City Jay Bothroyd
15%
2002 Middlesbrough Ugo Ehiogu
15%
2001 Middlesbrough Ugo Ehiogu
15%
2005 Fulham Zat Knight
15%
2011 Wolverhampton Wanderers Matt Jarvis
13%
2007 Reading Nicky Shorey
13%
2017 Norwich City Angus Gunn
12%
2004 Tottenham Hotspur Anthony Gardner
11%
2001 Sunderland Gavin McCann
11%
2000 Leeds United Jason Wilcox
11%
2018 Fulham Marcus Bettinelli
11%
2018 Swansea City Alfie Mawson
10%
No matching quizzes found
Score Distribution
Percent of People with Each Score
Percentile by Number Answered
Your Score History
You have not taken this quiz